Online
Catalog

Segunda campaña de Santo Domingo : (Record no. 518)

MARC details
000 -CABECERA
campo de control de longitud fija 01133nam a2200205 a 4500
001 - NÚMERO DE CONTROL
campo de control 000000520
005 - FECHA Y HORA DE LA ÚLTIMA TRANSACCIÓN
campo de control 20200929145343.0
008 - DATOS DE LONGITUD FIJA--INFORMACIÓN GENERAL
campo de control de longitud fija 081122s1975 dr ab 000 0 spa d
040 ## - FUENTE DE LA CATALOGACIÓN
Centro catalogador/agencia de origen DO-SdBNP
Lengua de catalogación spa
Centro/agencia transcriptor BNPHU
082 ## - NÚMERO DE LA CLASIFICACIÓN DECIMAL DEWEY
Número de clasificación 972.9304
Número de documento/Ítem L557s
100 1# - ENTRADA PRINCIPAL--NOMBRE DE PERSONA
Nombre de persona Lemonnier-Delafosse, J. B.
9 (RLIN) 1715
245 10 - MENCIÓN DE TÍTULO
Título Segunda campaña de Santo Domingo :
Resto del título guerra dominico-francesa de 1808 /
Mención de responsabilidad, etc. J.B. Lemonnier-Delafosse.
260 ## - PUBLICACIÓN, DISTRIBUCIÓN, ETC.
Lugar de publicación, distribución, etc. Santo Domingo :
Nombre del editor, distribuidor, etc. Editora de Santo Domingo,
Fecha de publicación, distribución, etc. 1975.
300 ## - DESCRIPCIÓN FÍSICA
Extensión 291 p. :
Otras características físicas il., map. ;
Dimensiones 23 cm.
490 1# - MENCIÓN DE SERIE
Mención de serie Sociedad Dominicana de Bibliófilos
Designación de volumen o secuencia 12
500 ## - NOTA GENERAL
Nota general Traducido por el Lic. C. Armando Rodríguez
505 0# - NOTA DE CONTENIDO CON FORMATO
Título Advertencia del traductor --
-- Sumario --
-- Fuerza marítima de la expedición --
-- Introducción --
-- Recuerdos históricos y sucintos de la primera campaña --
-- Relación completa de la segunda campaña --
-- Opinión sobre Toussaint --
-- Apéndices --
-- Notas del autor --
-- Notas del traductor --
-- Mapas --
-- Índices --
-- Índice de nombres --
-- Índice de materias.
651 #4 - PUNTO DE ACCESO ADICIONAL DE MATERIA--NOMBRE GEOGRÁFICO
Nombre geográfico República Dominicana
Subdivisión general Historia-
-- Reconquista
Subdivisión cronológica 1808-1809
9 (RLIN) 1716
830 #0 - PUNTO DE ACCESO ADICIONAL DE SERIE-TÍTULO UNIFORME
Título uniforme Sociedad Dominicana de Bibliófilos
Número de parte o sección de la obra 12
9 (RLIN) 1717
Holdings
Estado de retiro Estado de pérdida Restricciones de uso No para préstamo Código de colección Localización permanente Ubicación/localización actual Ubicación en estantería Fecha de adquisición Número de inventario Total de préstamos Signatura topográfica completa Código de barras Fecha visto por última vez Número de copia Precio válido a partir de Tipo de ítem Koha Nota pública
    Préstamo en sala   Dominicana de Servicio Biblioteca Nacional Pedro Henríquez Ureña Biblioteca Nacional Pedro Henríquez Ureña Depósito 26.07.2011 LF1   972.9304 L557s 520-30 25.06.2020 e.3 25.06.2020 Libros y folletos  
  Extraviado Préstamo en sala   Dominicana de Servicio Biblioteca Nacional Pedro Henríquez Ureña Biblioteca Nacional Pedro Henríquez Ureña Extraviado 13.02.2015 LF1   972.9304 L557s 520-40 25.06.2020 e.4 25.06.2020 Libros y folletos  
    Préstamo en sala   Dominicana de Servicio Biblioteca Nacional Pedro Henríquez Ureña Biblioteca Nacional Pedro Henríquez Ureña Depósito 03.07.2019 LF1   972.9304 L557s 520-50 25.06.2020 e.5 25.06.2020 Libros y folletos Perteneció a la biblioteca personal de la familia Reyes Duluc.
    Préstamo restringido Excluido de préstamo Patrimonio Dominicano Biblioteca Nacional Pedro Henríquez Ureña Biblioteca Nacional Pedro Henríquez Ureña Depósito 18.08.2009 LF1   972.9304 L557s 520-10 25.06.2020   25.06.2020 Libros y folletos Perteneció a la biblioteca personal de Germán Emilio Ornes.
    Préstamo restringido Excluido de préstamo Patrimonio Dominicano Biblioteca Nacional Pedro Henríquez Ureña Biblioteca Nacional Pedro Henríquez Ureña Depósito 26.07.2011 LF1   972.9304 L557s 520-20 25.06.2020 e.2 25.06.2020 Libros y folletos  

Powered by Koha